History by Images - 'C' - Statistics

General Stats
  • This quiz has been taken 94 times
  • The average score is 9 of 16
Answer Stats
Picture Hint Answer % Correct
Explorer and navigator Christopher Columbus
96%
8th century Frankish king Charlemagne
87%
Byzantium Constantinople
79%
English novelist Charles Dickens
77%
Birthplace of a French Emperor Corsica
74%
Former Country Czechoslovakia
74%
Colonial Kolkata Calcutta
73%
Pope Urban II called for ____ Crusade
65%
Ancient Phoenician city Carthage
53%
A wonder of ancient world Colossus of Rhodes
49%
Gaius Caesar Augustus Germanicus Caligula
38%
Founded by Berbers Casablanca
37%
1400s Iberian Country Castile and Leon
29%
A European pilgrimage site Canterbury
17%
City founded in Neolithic Period Corinth
17%
Las Tortugas Cayman Islands
10%
No matching quizzes found
Score Distribution
Percent of People with Each Score
Percentile by Number Answered
Your Score History
You have not taken this quiz